[Event "83rd Tata Steel Masters"]
[Site "Wijk aan Zee NED"]
[Date "2021.01.17"]
[Round "2.7"]
[White "Tari,A"]
[Black "Wojtaszek,R"]
[Result "1/2-1/2"]
[WhiteElo "2625"]
[BlackElo "2705"]

1.e4 c5 2.Nf3 d6 3.Bb5+ Nd7 4.a4 Nf6 5.Nc3 a6 6.Be2 b6 7.d4 cxd4 8.Qxd4 e5
9.Qe3 Bb7 10.O-O Be7 11.Nd2 O-O 12.Rd1 Qc7 13.b3 Nc5 14.Bb2 h6 15.b4 Ne6
16.Nc4 Nd7 17.a5 b5 18.Nb6 Nxb6 19.axb6 Qb8 20.Qg3 Kh8 21.Bc1 Bc6 22.Be3 Nf4
23.Bxf4 exf4 24.Qxf4 Qxb6 25.Nd5 Bxd5 26.Rxd5 Qc6 27.Bd3 Qc3 28.Rb1 a5 29.bxa5 Rxa5
30.g3 Kg8 31.Rdxb5 Rxb5 32.Rxb5 Qc7 33.h4 Bf6 34.Qf5 Be5 35.h5 Rb8 36.Rxb8+ Qxb8
37.Bc4 Qc7 38.Bd5 Bf6 39.c4 Bd4 40.Kg2 Bc3 41.f4 Bd4 42.Kh3 Kf8 43.g4 Qa7
44.g5 hxg5 45.fxg5 Be5 46.Kh4 Ke8 47.c5 Qxc5 48.Qxf7+ Kd8 49.Be6 Qc6 50.Bf5 Qb5
51.h6 gxh6 52.gxh6 Qe8 53.Qc4 Ke7 54.h7 Qf7 55.Qc1 Qf6+ 56.Kh3 Qg7 57.Qc7+ Ke8
58.Qc8+ Ke7 59.Qd7+ Kf8 60.Qd8+ Kf7 61.Qg8+ Ke7 62.Qe6+ Kf8 63.Qc8+ Ke7 64.Qc7+ Ke8
65.Qb8+ Ke7 66.Qa7+ Kf8 67.Qf2 Qh6+ 68.Kg4 Kg7  1/2-1/2

[Event "83rd Tata Steel Masters"]
[Site "Wijk aan Zee NED"]
[Date "2021.01.26"]
[Round "9.2"]
[White "Tari,A"]
[Black "Duda,J"]
[Result "1/2-1/2"]
[WhiteElo "2625"]
[BlackElo "2743"]

1.e4 c5 2.Nf3 d6 3.Bb5+ Nd7 4.d4 cxd4 5.Nxd4 Nf6 6.Bd3 Nc5 7.Nc3 a6 8.O-O g6
9.Nb3 Nxd3 10.cxd3 Bg7 11.a4 Bg4 12.f3 Qb6+ 13.d4 Be6 14.Ra3 O-O 15.Be3 Rab8
16.Re1 Bxb3 17.Rxb3 Qa5 18.Qd3 Rfc8 19.Bd2 Qc7 20.Rb4 e6 21.Rc1 d5 22.e5 Nd7
23.Ne2 Qd8 24.Rxc8 Qxc8 25.Rb3 Qc4 26.a5 b5 27.Nc1 Qxd3 28.Nxd3 Rc8 29.Nb4 Nb8
30.Rc3 Rc4 31.b3 Rxc3 32.Bxc3 Bf8  1/2-1/2

[Event "83rd Tata Steel Masters"]
[Site "Wijk aan Zee NED"]
[Date "2021.01.29"]
[Round "11.7"]
[White "Wojtaszek,R"]
[Black "Vachier Lagrave,M"]
[Result "1/2-1/2"]
[WhiteElo "2705"]
[BlackElo "2784"]

1.d4 Nf6 2.c4 g6 3.Nc3 d5 4.Bf4 Bg7 5.e3 c5 6.dxc5 Qa5 7.Rc1 dxc4 8.Bxc4 O-O
9.Ne2 Nc6 10.O-O Qxc5 11.Nb5 Be6 12.Bd3 Qb4 13.Nc7 Bxa2 14.Nxa8 Rxa8 15.Qc2 Rd8
16.Nd4 Nd5 17.Nxc6 bxc6 18.Bc4 Bxc4 19.Qxc4 Bxb2 20.Qxb4 Nxb4 21.Rc4 a5 22.Bc7 Rd5
23.g4 h5 24.Rb1 Be5 25.Bxe5 Rxe5 26.h3 f6 27.Rd1 hxg4 28.hxg4 Rd5 29.Rxd5 cxd5
30.Rc5 Nd3 31.Rxa5 Ne5 32.Ra4 d4 33.exd4 Nxg4 34.Kg2 Kf7 35.Kf3 f5 36.Ra5 Ke6
37.Kg3 Nf6 38.f3 Ne8 39.Ra8 Nc7 40.Rg8 Kf7 41.Rc8 Nd5 42.Rd8 e6 43.Kh4 Kf6
44.Rf8+ Kg7 45.Re8 Kf6  1/2-1/2

[Event "83rd Tata Steel Masters"]
[Site "Wijk aan Zee NED"]
[Date "2021.01.30"]
[Round "12.5"]
[White "Esipenko,Andrey"]
[Black "Van Foreest,Jorden"]
[Result "1/2-1/2"]
[WhiteElo "2677"]
[BlackElo "2671"]

1.d4 d5 2.Nc3 Nf6 3.Bf4 c5 4.e3 cxd4 5.exd4 Bg4 6.f3 Bd7 7.Nb5 Bxb5 8.Bxb5+ Nc6
9.c3 e6 10.Be3 Bd6 11.f4 Qc7 12.g3 O-O 13.Nf3 Na5 14.Bd3 Nc4 15.Bc1 b5 16.O-O Ne4
17.Qe2 f5 18.b3 Nb6 19.Bd2 a6 20.Rac1 Rac8 21.Ne5 Qe7 22.g4 Nxd2 23.Qxd2 fxg4
24.Nxg4 Qh4 25.Ne5 Rc7 26.Qe3 Bxe5 27.dxe5 d4 28.Qxd4 Rd7 29.Qxb6 Qg4+ 30.Kh1 Rxd3
31.Qf2 Rfd8 32.Qg2 Qf5 33.Rc2 Rd1 34.Rf2 h5 35.Kg1 h4 36.Qg5 Qh3 37.Qg6 Rxf1+
38.Rxf1 Rd2 39.Qe8+ Kh7 40.Qh5+ Kg8 41.Qe8+  1/2-1/2

[Event "83rd Tata Steel Masters"]
[Site "Wijk aan Zee NED"]
[Date "2021.01.31"]
[Round "3"]
[White "Giri,A"]
[Black "Van Foreest,Jorden"]
[Result "0-1"]
[WhiteElo "2764"]
[BlackElo "2671"]

1.d4 d5 2.Bf4 Nf6 3.e3 c5 4.Nf3 Nc6 5.Nbd2 e6 6.c3 Bd6 7.Bg3 h6 8.Bb5 Be7
9.Ne5 Qb6 10.a4 O-O 11.O-O a6 12.Bxc6 bxc6 13.dxc5 Bxc5 14.b4 Be7 15.a5 Qb7
16.Nd3 Nd7 17.Nb3 Qb5 18.Nd4 Qb7 19.Rb1 Nf6 20.Nc5 Bxc5 21.bxc5 Qd7 22.Rb6 Ne4
23.Rxc6 Nxc3 24.Qc2 Nb5 25.Rb6 Na3 26.c6 Nxc2 27.cxd7 Nxd4 28.exd4 Bxd7 29.Rc1 Bb5
30.Bd6 Rfc8 31.Bc5 Rc7 32.Re1 Rac8 33.f4 h5 34.Kf2 Kh7 35.h3 Kg6 36.g4 hxg4
37.hxg4 Rc6 38.Rb7 R8c7 39.Rb8 Rc8 40.Rb7 R8c7 41.Rxc7 Rxc7 42.Re5 Bd7 43.Rg5+ Kh7
44.Bf8 g6 45.Re5 f6 46.Re3 Kg8 47.Bc5 Rb7 48.Bb6 Bb5 49.Rxe6 Kf7 50.Re1 Re7
51.Rc1 Re4 52.Kf3 Be2+ 53.Kg3 Re3+ 54.Kf2 Re4 55.Rc7+ Ke8 56.g5 Rxf4+ 57.Kxe2 fxg5
58.Ra7 g4 59.Rxa6 g3 60.Ra7 g2 61.Ra8+ Kd7 62.Rd8+ Ke7  0-1